000 00570nam a2200181 i 4500
001 84214
003 ES-MaACL
005 20231223063052.0
007 t|
008 041122s1915 sp ||||1| spa d
100 1 _aIzquierdo y Martínez, José María,
_d1886-1922
_965750
245 1 0 _aDe las normas y de las formas
_b: analectas /
_cescritas por José María Izquierdo.
260 _aSevilla :
_b[s.n.,
_c1915] (
_fA. Saavedra)
300 _a172 p. ;
_c18 cm.
650 4 _aEpistemología.
_912338
852 _aES-MaACL
_jG-15867
999 _c84214
_d84214